Básnický miestopis Škótska

Bibliographic Details
Main Author: Belák, Blažej, 1938- (Author)
Format: Article
Language:Slovak
Subjects:

MARC

LEADER 00000nab a2200000 a 4500
001 vtls000117232
003 SK-MaSNL
005 20260304074621.0
008 250423c1982 xo 0 slo
015 |a SNBRB19rr/mm-uuuuu 
035 |a CL0127337 
035 |a urn:nbn:sk:snk-abbb0p 
035 |a (urnnbn)urn:nbn:sk:snk:ar-006hh0 
035 |a (uuid)a2e1ff33-baf7-432c-a8ce-27984736c9fb 
040 |a SNKBUCL  |b slo  |c SNKBUCL  |e AACR2 
041 0 |a slo 
044 |a xo  |c SK 
080 |a 82(091):820 (411)"19"  |2 1981 
080 |a 820 (411)"19"  |2 1981 
080 |a 820 (411)(091)"19"  |2 1981 
100 1 |a Belák, Blažej,  |d 1938-  |4 aut  |9 15529 
245 1 0 |a Básnický miestopis Škótska  |c Blažej Belák 
650 0 7 |a škótska literatúra  |2 snkbucl  |9 1360 
650 0 7 |a poézia- škótska  |2 snkbucl  |9 1364308 
655 7 |a články z novín a časopisov  |2 snkbucl  |9 267496 
655 7 |a články z odboru literárna veda a krásna literatúra  |2 snkbucl  |9 770045 
773 0 |t Revue svetovej literatúry  |g Roč. 18, č. 2 (1982), s. 88-90 
850 |a Slovenská národná knižnica 
852 |a Slovenská národná knižnica 
958 |a article15 
958 |a RK 
958 |a LX 
958 |a OND 
958 |a EUIPO 
999 |c 2777034  |d 2778964